00940nam a2200181Ia 4500008004100000041001200041082001600053100002100069245009500090260002900185300000800214650001900222942000700241999001500248952016800263952015900431952016800590221030s9999 xx 000 0 und d aEnglish a105.23bPia aH. T. H. Piaggio 3aAn Elementary Treatise on Differential Equations & their Applicationscby H. T. H. Piaggio bCBS PubaNew Delhic1999 a256 aBE Mathematics cBK c5954d5954 pBE 594g75.00l0o105.23 Piar2024-06-13 00:00:00w2022-10-30yBK003Print4070aMIETLIBbMIETLIBcBL-Academic Block C, FL-2, CUP-6, SH-3, R-3d1999-11-2710HBE pBE 595g75.00l0o105.23 Piar2022-10-30 00:00:00w2022-10-30yBK003Print4071aMIETLIBbMIETLIBcBL-Second, FL-1, CUP-17, SH-3, R-3d1999-11-2710HBE pBE 596g75.00l0o105.23 Piar2024-06-13 00:00:00w2022-10-30yBK003Print4070aMIETLIBbMIETLIBcBL-Academic Block C, FL-2, CUP-6, SH-3, R-3d1999-11-2710HBE